| 000 | 00625nam a22001697a 4500 | ||
|---|---|---|---|
| 005 | 20180828124257.0 | ||
| 008 | 120130t xxu||||| |||| 00| 0 eng d | ||
| 020 |
_a8177290088 _c360.00 |
||
| 035 | _aB-10476, B-010480 | ||
| 040 |
_aDPL _bENG |
||
| 100 |
_aPrasad, B. D. _940376 |
||
| 245 |
_aComplete comprehensive courseware : _bMCA entrance test for all MCA courses in India's major universities-institute / _cby B. D. Prasad and Prashant Kumar |
||
| 260 |
_aGurgaon _bCosmos Bookhive (P) Ltd. _c2001 |
||
| 300 |
_avarious pages _c30 cms. |
||
| 700 |
_aPrashant Kumar _940377 |
||
| 942 |
_2ddc _cEN _h000 _mPRA |
||
| 999 |
_c61668 _d61668 |
||